Purasangres y cerdos : (Record no. 182641)
[ view plain ]
| 000 -LEADER | |
|---|---|
| campo de control de longitud fija | 01026nam a2200265 i 4500 |
| 001 - NÚMERO DE CONTROL | |
| campo de control | 182641 |
| 003 - IDENTIFICADOR DE NÚMERO DE CONTROL | |
| campo de control | ES-MaACL |
| 005 - FECHA Y HORA DE LA ÚLTIMA TRANSACCIÓN | |
| campo de control | 20250915180944.0 |
| 008 - DATOS DE LONGITUD FIJA--INFORMACIÓN GENERAL | |
| campo de control de longitud fija | 131008s2012 sp | |||||||| | spa d |
| 020 ## - NÚMERO INTERNACIONAL ESTÁNDAR DEL LIBRO | |
| Número Internacional Estándar del Libro | 978-84-96862-47-0 |
| 080 ## - NÚMERO DE LA CLASIFICACIÓN DECIMAL UNIVERSAL | |
| Número de la Clasificación Decimal Universal | 5/6(035) |
| 100 1# - ENTRADA PRINCIPAL--NOMBRE DE PERSONA | |
| Nombre de persona | Costas Costas, Eduardo. |
| 9 (RLIN) | 153576 |
| 245 10 - MENCIÓN DEL TÍTULO | |
| Título | Purasangres y cerdos : |
| Resto del título | el placer de pensar y otros ensayos científicos / |
| Mención de responsabilidad, etc. | Eduardo Costas, Victoria López Rodas y Jesús Pintor ; prólogo de María Teresa Miras Portugal. |
| 260 ## - PUBLICACIÓN, DISTRIBUCIÓN, ETC. | |
| Lugar de publicación, distribución, etc. | [Guadalajara] : |
| Nombre del editor, distribuidor, etc. | Silente ; |
| Lugar de publicación, distribución, etc. | [Madrid] : |
| Nombre del editor, distribuidor, etc. | distribuye, La Torre Literaria, |
| Fecha de publicación, distribución, etc. | D.L. 2012. |
| 300 ## - DESCRIPCIÓN FÍSICA | |
| Extensión | 273 p. ; |
| Dimensiones | 24 cm. |
| 490 1# - MENCIÓN DE SERIE | |
| Mención de serie | Silente académica |
| 650 #4 - PUNTO DE ACCESO ADICIONAL DE MATERIA--TÉRMINO DE MATERIA | |
| Término de materia o nombre geográfico como elemento de entrada | Ciencia- |
| Subdivisión de forma | Obras de divulgación |
| 9 (RLIN) | 10959 |
| 700 1# - ENTRADA AGREGADA--NOMBRE PERSONAL | |
| Nombre de persona | López Rodas, Victoria. |
| 9 (RLIN) | 153577 |
| 700 1# - ENTRADA AGREGADA--NOMBRE PERSONAL | |
| Nombre de persona | Pintor, Jesús. |
| 9 (RLIN) | 153578 |
| 700 1# - ENTRADA AGREGADA--NOMBRE PERSONAL | |
| Nombre de persona | Miras Portugal, María Teresa. |
| 9 (RLIN) | 148564 |
| 830 0# - PUNTO DE ACCESO ADICIONAL DE SERIE-TÍTULO UNIFORME | |
| Título uniforme | Silente académica |
| 9 (RLIN) | 191406 |
| 852 ## - LOCALIZACIÓN | |
| Ubicación | ES-MaACL |
| Número de control de estantería | A-12794 |
| itemnumber | 189558 |
| Sublocalización o colección | R.148847 |
| Ubicación en estantería | Depósito 1 |
| Signatura antigua | Olim: N-5794 |
| 942 ## - ELEMENTOS DE ENTRADA SECUNDARIOS (KOHA) | |
| Fuente del sistema de clasificación o colocación | Clasificación decimal universal |
| Tipo de ítem Koha | Libro impreso |
| Estatus retirado | Estado de pérdida | Fuente del sistema de clasificación o colocación | Estado de daño | No para préstamo | Biblioteca de origen | Biblioteca actual | Ubicación en estantería | Fecha de adquisición | Fuente de adquisición | Total de préstamos | Signatura topográfica completa | Código de barras | Visto por última vez | Precio de reemplazo | Tipo de ítem Koha |
|---|---|---|---|---|---|---|---|---|---|---|---|---|---|---|---|
| Clasificación decimal universal | Biblioteca del Ateneo de Madrid | Biblioteca del Ateneo de Madrid | Depósito 1 | 08/10/2013 | Donación | A-12794 | 1191942 | 23/02/2023 | 23/02/2023 | Libro impreso |
